[Event "FRA-ch U16 Girls"]
[Site "Aix les Bains"]
[Date "2009.04.21"]
[Round "4"]
[White "Guo, Charlotte"]
[Black "Bogen, Fanny"]
[Result "0-1"]
[WhiteElo "1713"]
[BlackElo "1570"]
[PlyCount "112"]
[EventDate "2009.04.19"]
[EventType "swiss"]
[EventRounds "9"]
[EventCountry "FRA"]
[SourceTitle "CBM 130 Extra"]
[Source "ChessBase"]
[SourceDate "2009.07.02"]
[SourceVersion "2"]
[SourceVersionDate "2009.07.15"]
[SourceQuality "1"]

1. e4 c5 2. Nf3 Nf6 3. d4 Nxe4 4. d5 d6 5. Bb5+ Nd7 6. 0-0 a6 7. Bd3 Nef6 8. c4 Rb8 9. Nc3 Ng4 10. Re1 Nde5 11. Bf4 Nxd3 12. Qxd3 e6 13. dxe6 fxe6 14. Rad1 Be7 15. Bxd6 Bxd6 16. Qxd6 Qxd6 17. Rxd6 0-0 18. Red1 b5 19. cxb5 axb5 20. h3 Nh6 21. Ne5 Nf7 22. Nxf7 Rxf7 23. Rd8+ Rf8 24. Ne4 c4 25. R1d6 Bb7 26. Rxb8 Rxb8 27. Nc5 Bd5 28. Nxe6 Bxe6 29. Rxe6 Kf7 30. Re3 Rc8 31. a3 Kf6 32. Kf1 Rd8 33. Ke2 Ra8 34. Kd1 Kf5 35. Re7 Rd8+ 36. Kc2 Kf6 37. Rb7 Rd5 38. Kc3 Rd3+ 39. Kc2 Rd5 40. Ra7 h5 41. a4 bxa4 42. Rxa4 Re5 43. Kd2 Re4 44. g3 c3+ 45. Kxc3 Rxa4 46. b4 Ra2 47. b5 Rxf2 48. b6 Rf1 49. Kc4 Rb1 50. Kc5 Ke5 51. Kc6 Ke4 52. b7 Kf3 53. g4 hxg4 54. hxg4 Kxg4 55. Kc7 g5 56. b8Q Rxb8 0-1

[Event "FRA-ch U14 Girls"]
[Site "La Roche sur Yon"]
[Date "2008.04.22"]
[Round "2"]
[White "Aflalo, Sophie"]
[Black "Bogen, Fanny"]
[Result "1-0"]
[WhiteElo "1959"]
[BlackElo "1580"]
[PlyCount "45"]
[EventDate "2008.04.21"]
[EventType "swiss"]
[EventRounds "9"]
[EventCountry "FRA"]
[SourceTitle "EXT 2010"]
[Source "ChessBase"]
[SourceDate "2010.11.25"]
[SourceVersion "1"]
[SourceVersionDate "2010.11.25"]
[SourceQuality "1"]

1. e4 c5 2. Nf3 Nf6 3. Nc3 d5 4. exd5 Nxd5 5. Bc4 e6 6. 0-0 Be7 7. Ne4 0-0 8. c3 b6 9. d3 h6 10. Ne5 Qc7 11. f4 Bb7 12. Qh5 Bf6 13. Ng4 Nd7 14. f5 exf5 15. Qxf5 Be5 16. Rf3 Rae8 17. Bxh6 g6 18. Qg5 Bg7 19. Rh3 f5 20. Qxg6 Re7 21. Ng5 Rf6 22. Qh7+ Kf8 23. Qh8# 1-0

[Event "FRA-ch U14 Girls"]
[Site "Le Grand Bornand"]
[Date "2007.04.??"]
[Round "3"]
[White "Bogen, Fanny"]
[Black "Alonso, Audrey"]
[Result "0-1"]
[WhiteElo "1580"]
[BlackElo "1770"]
[PlyCount "91"]
[EventDate "2007.04.07"]
[EventType "swiss"]
[EventRounds "9"]
[EventCountry "FRA"]
[SourceTitle "CBM 118 Extra"]
[Source "ChessBase"]
[SourceDate "2007.07.04"]
[SourceVersion "1"]
[SourceVersionDate "2007.07.04"]
[SourceQuality "1"]

1. e4 e5 2. Nf3 Nc6 3. Bc4 Be7 4. c3 Nf6 5. d4 exd4 6. e5 Ng4 7. cxd4 d6 8. h3 Nh6 9. Bf4 dxe5 10. Bxe5 Bf6 11. Qa4 Bd7 12. Qb3 Na5 13. Qb4 Nxc4 14. Qxc4 Bc6 15. Nbd2 0-0 16. 0-0 Nf5 17. Rfe1 Nd6 18. Qc5 Re8 19. a4 Bxf3 20. Nxf3 Bxe5 21. dxe5 Nf5 22. Rad1 Qe7 23. Qd5 c6 24. Qe4 g6 25. Nh2 h5 26. g4 Nh6 27. gxh5 Qg5+ 28. Kh1 Qxh5 29. Rg1 Rxe5 30. Qc4 Rae8 31. Qc3 Re2 32. Rg2 Rxf2 33. Rxf2 Qxd1+ 34. Rf1 Qd5+ 35. Rf3 Qd1+ 36. Rf1 Qxa4 37. Qd2 Qe4+ 38. Rf3 Nf5 39. Qa5 Nh4 40. Qc3 Nxf3 41. Nxf3 Qe3 42. Qxe3 Rxe3 43. Ng5 f6 44. h4 fxg5 45. hxg5 Kf7 46. b4 0-1

[Event "FRA-ch U14 Girls"]
[Site "Le Grand Bornand"]
[Date "2007.04.??"]
[Round "4"]
[White "De Seroux, Camille"]
[Black "Bogen, Fanny"]
[Result "0-1"]
[WhiteElo "1871"]
[BlackElo "1580"]
[PlyCount "46"]
[EventDate "2007.04.07"]
[EventType "swiss"]
[EventRounds "9"]
[EventCountry "FRA"]
[SourceTitle "CBM 118 Extra"]
[Source "ChessBase"]
[SourceDate "2007.07.04"]
[SourceVersion "1"]
[SourceVersionDate "2007.07.04"]
[SourceQuality "1"]

1. e4 d5 2. exd5 Nf6 3. d4 Nxd5 4. Nf3 Nc6 5. c3 Bg4 6. Bb5 Qd6 7. c4 Nf6 8. d5 a6 9. Qa4 Bxf3 10. gxf3 Qe5+ 11. Kf1 Rd8 12. Bxc6+ bxc6 13. Qxc6+ Nd7 14. Nc3 Rb8 15. Ne4 Rb6 16. Qa4 e6 17. Bd2 Be7 18. Bc3 Qf5 19. dxe6 Rxe6 20. Rd1 Bd6 21. Nxd6+ cxd6 22. Qc6 Qh3+ 23. Kg1 Rg6# 0-1

[Event "FRA-ch U14 Girls"]
[Site "Le Grand Bornand"]
[Date "2007.04.??"]
[Round "6"]
[White "Guo, Charlotte"]
[Black "Bogen, Fanny"]
[Result "1-0"]
[WhiteElo "1680"]
[BlackElo "1580"]
[PlyCount "67"]
[EventDate "2007.04.07"]
[EventType "swiss"]
[EventRounds "9"]
[EventCountry "FRA"]
[SourceTitle "CBM 118 Extra"]
[Source "ChessBase"]
[SourceDate "2007.07.04"]
[SourceVersion "1"]
[SourceVersionDate "2007.07.04"]
[SourceQuality "1"]

1. e4 d5 2. exd5 Nf6 3. d4 Nxd5 4. c4 Nb6 5. Nf3 Bf5 6. Be2 e6 7. 0-0 Nc6 8. Nc3 h6 9. Be3 Nb4 10. Rc1 Qf6 11. a3 Na6 12. Re1 0-0-0 13. c5 Nxc5 14. b4 Na6 15. Bxa6 bxa6 16. Na4 Nd5 17. Qe2 Kb7 18. Qc4 Bd6 19. Qc6+ Kb8 20. Qxa6 Qg6 21. Nc5 Bxc5 22. bxc5 Ka8 23. Nh4 Qg4 24. Nxf5 Qxf5 25. Rb1 Nb6 26. cxb6 cxb6 27. Rxb6 Rb8 28. Rxb8+ Rxb8 29. Qc6+ Rb7 30. h3 g5 31. Rc1 e5 32. dxe5 Qxe5 33. Rb1 Qe7 34. Qc8+ 1-0

[Event "France-ch U10 Girls"]
[Site "Reims"]
[Date "2004.04.23"]
[Round "7"]
[White "Mencacci, Tiphanie"]
[Black "Bogen, Fanny"]
[Result "0-1"]
[WhiteElo "1360"]
[BlackElo "1430"]
[PlyCount "64"]
[EventDate "2004.04.??"]
[EventType "swiss"]
[EventRounds "9"]
[EventCountry "FRA"]
[SourceTitle "EXT 2005"]
[Source "ChessBase"]
[SourceDate "2004.11.15"]
[SourceVersion "1"]
[SourceVersionDate "2004.11.15"]
[SourceQuality "1"]

1. d4 f5 2. Bg5 Nc6 3. Nd2 Nxd4 4. e4 d6 5. Bd3 Nf6 6. c3 fxe4 7. Nxe4 Nc6 8. Bxf6 exf6 9. Qf3 Ne5 10. Qe3 Nxd3+ 11. Qxd3 Qe7 12. 0-0-0 Bf5 13. Re1 0-0-0 14. Nf3 d5 15. Ng3 Bxd3 16. Rxe7 Bxe7 17. Kd2 Bb5 18. Nf5 Bc5 19. Nxg7 Bxf2 20. Ne6 Rd6 21. Nf4 d4 22. cxd4 Bxd4 23. Nxd4 Rxd4+ 24. Ke3 c5 25. Nh3 Re8+ 26. Kf3 Bc6+ 27. Kf2 Rd2+ 28. Kg3 Re3+ 29. Kf4 Re4+ 30. Kg3 Re5 31. Nf4 Rg5+ 32. Kh3 Bd7+ 0-1

[Event "FRA-ch U08 Girls"]
[Site "Hyeres"]
[Date "2002.??.??"]
[Round "7.4"]
[White "Bogen, Fanny"]
[Black "Lample, Judith"]
[Result "1-0"]
[WhiteElo "1110"]
[BlackElo "1009"]
[PlyCount "65"]
[EventDate "2002.04.05"]
[EventType "swiss"]
[EventRounds "9"]
[EventCountry "FRA"]
[SourceTitle "EXT 2003"]
[Source "ChessBase"]
[SourceDate "2002.11.25"]
[SourceVersion "1"]
[SourceVersionDate "2002.11.25"]
[SourceQuality "1"]

1. c4 e5 2. Nc3 Nf6 3. Nf3 Nc6 4. e3 d6 5. g3 Bg4 6. Bg2 e4 7. 0-0 exf3 8. Bxf3 Bxf3 9. Qxf3 d5 10. cxd5 Ne5 11. Qg2 Bb4 12. e4 Nd3 13. a3 Bc5 14. b4 Bxf2+ 15. Kh1 Ng4 16. Rb1 Nde5 17. Nd1 Qf6 18. Nxf2 Nxf2+ 19. Qxf2 Qd6 20. d4 Nd3 21. Qxf7+ Kd8 22. Bg5+ Kc8 23. Qxg7 Re8 24. Qxh7 a5 25. Ra1 axb4 26. axb4 Rb8 27. Ra4 Nxb4 28. Rfa1 b5 29. Ra8 Rxa8 30. Rxa8+ Kb7 31. Rxe8 Qa6 32. Bf4 Nd3 33. Qxc7# 1-0

[Event "FRA-ch U08 Girls"]
[Site "Hyeres"]
[Date "2002.??.??"]
[Round "3.4"]
[White "Bogen, Fanny"]
[Black "Magnin Feysot, Cecile"]
[Result "0-1"]
[WhiteElo "1110"]
[BlackElo "1009"]
[PlyCount "80"]
[EventDate "2002.04.05"]
[EventType "swiss"]
[EventRounds "9"]
[EventCountry "FRA"]
[SourceTitle "EXT 2003"]
[Source "ChessBase"]
[SourceDate "2002.11.25"]
[SourceVersion "1"]
[SourceVersionDate "2002.11.25"]
[SourceQuality "1"]

1. c4 e5 2. Nc3 Nc6 3. g3 Bc5 4. Bg2 Nf6 5. e4 0-0 6. Nge2 d6 7. 0-0 Bg4 8. d3 h6 9. a3 Re8 10. b4 Bd4 11. Nb5 Bxa1 12. Be3 a6 13. Nbc3 Bxc3 14. Qc2 Nd4 15. Nxd4 exd4 16. Bc1 b5 17. c5 dxc5 18. bxc5 Re5 19. Bf4 Rxc5 20. e5 Nd5 21. f3 Bh5 22. Bc1 Ne3 23. Bxe3 dxe3 24. Qe2 Rxe5 25. g4 Bg6 26. f4 Bxd3 27. Qf3 Bxf1 28. Qxf1 Rc5 29. Be4 Rc8 30. Qh3 Rb8 31. g5 Bd4 32. Qg3 Rc1+ 33. Kg2 e2 34. gxh6 e1Q 35. Qg4 Qe3 36. Qf5 Rd1 37. Qh7+ Kf8 38. Qh8+ Ke7 39. Qh7 Rd2+ 40. Kf1 Qe2# 0-1

[Event "FRA-ch U08 Girls"]
[Site "Hyeres"]
[Date "2002.??.??"]
[Round "8.4"]
[White "Leveque, Lea"]
[Black "Bogen, Fanny"]
[Result "0-1"]
[WhiteElo "1009"]
[BlackElo "1110"]
[PlyCount "97"]
[EventDate "2002.04.05"]
[EventType "swiss"]
[EventRounds "9"]
[EventCountry "FRA"]
[SourceTitle "EXT 2003"]
[Source "ChessBase"]
[SourceDate "2002.11.25"]
[SourceVersion "1"]
[SourceVersionDate "2002.11.25"]
[SourceQuality "1"]

1. e4 c5 2. Nc3 Nc6 3. Nf3 Nf6 4. d4 d6 5. Be3 e5 6. Be2 exd4 7. Nxd4 cxd4 8. Bxd4 Qe7 9. Be3 g6 10. 0-0 Be6 11. a4 Qd7 12. a5 d5 13. exd5 Nxd5 14. Nxd5 Bxd5 15. Bf3 0-0-0 16. Bxd5 Qxd5 17. Qxd5 Rxd5 18. a6 bxa6 19. Rxa6 Bg7 20. Rxc6+ Kb7 21. Rc5 Rd6 22. b3 Rhd8 23. Rb5+ Ka8 24. g3 f6 25. Bf4 Ra6 26. Bc7 Rc8 27. Bf4 f5 28. Rd1 Bf6 29. Rd6 Ra1+ 30. Kg2 Be7 31. Re6 Bd8 32. Re8 Rd1 33. Bc7 Rxc7 34. Rbe5 Rxc2 35. Re1 Rdd2 36. Rxd8+ Rxd8 37. Re7 h5 38. Re5 a5 39. Re3 g5 40. h4 gxh4 41. gxh4 Rg8+ 42. Kf3 Rf8 43. Re5 Rd8 44. Kf4 Rd4+ 45. Kxf5 Rxf2+ 46. Kg5 Rh2 47. Kxh5 Rdxh4+ 48. Kg6 Rg2+ 49. Kf6 0-1